Michigan Wolverines Football All-Time Leaders - Statistics

General Stats
  • This quiz has been taken 729 times
    252 since last reset
  • The average score is 10 of 31
Answer Stats
Player % Correct
Tom Brady
90%
J. J. McCarthy
85%
Blake Corum
81%
Chad Henne
71%
D. Robinson
64%
Braylon Edwards
60%
Mike Hart
54%
Shea Patterson
50%
Jim Harbaugh
41%
Devin Gardner
38%
Brian Griese
35%
Ronnie Bell
35%
Todd Collins
32%
Anthony Carter
28%
M. Manningham
25%
Tyrone Wheatley
25%
Anthony Thomas
24%
Elvis Grbac
23%
Jeremy Gallon
22%
Steve Smith
21%
John Navarre
19%
Chris Perry
17%
Roy Roundtree
13%
Amani Toomer
9%
David Terrell
9%
Jamie Morris
9%
Billy Taylor
8%
Butch Woolfolk
7%
Marquise Walker
7%
Rob Lytle
7%
Tai Streets
6%
No matching quizzes found
Score Distribution
Percent of People with Each Score
Percentile by Number Answered
Your Score History
You have not taken this quiz since the last reset